000 00805nam a2200217 i 4500
001 124737
003 ES-MaACL
005 20240418063118.0
007 t|
008 070418s1923 sp ||||1| spa d
100 1 _aAlarcón, Pedro Antonio de,
_d1833-1891
_919134
245 1 3 _aEl exámen de maridos o antes que te cases mira lo que haces
_b: comedia en tres actos /
_coriginal de Alarcón ; refundida por Tomas Luceño.
260 _a[Madrid :
_bLa Novela Teatral,
_c1923]
300 _a12 h. ;
_c20 cm.
490 1 _aLa novela teatral ;
_v355
500 _aEn la cub. caricatura de Juan López Merino por Tovar.
700 0 _aTovar
_c, ilustrador.
_9157378
830 0 _aLa novela teatral ;
_v355
_9122427
852 _aES-MaACL
_j2216-F-29
_bR.138803
999 _c124737
_d124737